[Event "26th Abu Dhabi Master 2019"]
[Site "Abu Dhabi"]
[Date "2019.08.05"]
[Round "5.57"]
[White "Mahdian, Anousha"]
[Black "Krishnater Kushager"]
[Result "0-1"]
[WhiteElo "2118"]
[BlackElo "2324"]
[Annotator "TA"]
[PlyCount "108"]
[EventDate "2019.08.02"]
[EventType "swiss"]
[EventCountry "UAE"]
[SourceTitle "playchess.com"]
[Source "ChessBase"]
[SourceQuality "1"]

{[%evp 9,108,26,23,27,34,28,34,34,31,26,23,22,26,16,26,31,35,30,47,36,34,38,31,0,0,-8,-4,-8,-7,-4,-7,-8,-2,-35,-35,-43,-43,-30,-10,-8,-12,-66,-65,-122,-120,-232,-224,-250,-235,-243,-231,-250,-242,-243,-241,-245,-245,-262,-250,-246,-235,-254,-251,-241,-206,-229,-225,-310,-305,-302,-309,-306,-308,-258,-219,-219,-219,-219,-219,-272,-212,-212,-205,-344,-298,-303,-303,-565,-565,-5297,-5206,-4710,-671,-29981,-29982,-29982,-29982,-29982,-29983,-29983,-29983]} 1. c4 e6 2. Nc3 d5 3. d4 a6 4. cxd5 exd5 5. Nf3 Nf6 6. Bg5 {D37: Queen's Gambit Declined: 5 Bf4} Be6 7. e3 Nbd7 8. Bd3 {White is slightly better.} c6 (8... h6 9. Bf4 g5 10. Bg3 Nh5 11. Be5 Nhf6 12. Bg3 Nh5 13. Ne2 Nxg3 14. Nxg3 {1-0 (61) Leko,P (2679)-Caruana,F (2832) Germany 2019}) 9. h3 Bd6 10. Qd2 O-O 11. O-O Qc7 12. Bf4 h6 13. a3 Nh5 $146 {[%cal Rh5f4]} ({Predecessor:} 13... c5 14. Bxd6 Qxd6 15. dxc5 Nxc5 {½-½ (63) Simantsev,M (2404)-Chylewski,P (2268) Szczawno Zdroj 2018}) 14. Bxd6 Qxd6 15. Qe2 Nhf6 16. b4 b5 17. Nd2 a5 18. Na2 Nb6 19. Nb3 axb4 20. axb4 Ra7 21. Nc5 Rfa8 $1 22. Qb2 Nc4 23. Bxc4 $1 bxc4 24. Nc3 Qb8 25. Rab1 (25. Rxa7 $11 Rxa7 26. Qc2) 25... Bf5 $15 26. e4 ({White should play} 26. Rbc1 $15) 26... dxe4 $17 27. Qe2 {[#]} (27. b5 $17 {is a better defense.}) 27... e3 $1 $19 {[%mdl 512]} 28. Rb2 (28. Qxe3 Bxb1) 28... exf2+ 29. Qxf2 Bg6 30. b5 {[#]} cxb5 $1 31. Rxb5 Qd6 {Hoping for ...Ra1.} 32. Qf4 Qxf4 33. Rxf4 Ra3 34. Rf3 Rd8 35. Rb4 Rxd4 36. Kh2 Ra8 37. Ne2 Rd2 38. Nf4 Rc2 39. Nxg6 fxg6 40. Na4 Nd5 41. Rb5 Ne7 42. Rc3 Rxc3 ({Stronger than} 42... Rxa4 43. Rxc2 Nf5 44. Rc5 $16) 43. Nxc3 {[%mdl 4096] Endgame KRN-KRN} Ra3 44. Ne4 Nf5 45. Rb8+ Kf7 46. g4 (46. Rc8 $142) 46... Ra2+ 47. Kg1 Ne3 48. Nd6+ $2 (48. Rc8 {was necessary.}) 48... Ke6 49. Re8+ Kxd6 50. Rxe3 g5 (50... Kc5 $142 51. Re7 c3 52. Rc7+ Kd4 53. Rd7+ Ke5 54. Re7+ Kd6) 51. Re8 c3 {Black mates.} 52. Rd8+ Ke7 53. Rd1 Rd2 54. Re1+ Kd7 {Accuracy: White = 53%, Black = 72%.} 0-1

[Event "26th Abu Dhabi Master 2019"]
[Site "Abu Dhabi"]
[Date "2019.08.05"]
[Round "5.58"]
[White "Srijit Paul"]
[Black "Chitlange Sakshi"]
[Result "0-1"]
[WhiteElo "2298"]
[BlackElo "2168"]
[Annotator "NA"]
[PlyCount "74"]
[EventDate "2019.08.02"]
[EventType "swiss"]
[EventCountry "UAE"]
[SourceTitle "playchess.com"]
[Source "ChessBase"]
[SourceQuality "1"]
[TimeControl "5400+30"]

1. f4 {[%emt 0:00:00]} d5 {[%emt 0:00:21]} 2. Nf3 {[%emt 0:00:00]} g6 {[%emt 0:00:26]} 3. g3 {[%emt 0:00:00]} Bg7 {[%emt 0:00:14]} 4. Bg2 {[%emt 0:00:00]} c5 {[%emt 0:00:54]} 5. O-O {[%emt 0:00:06]} Nc6 {[%emt 0:00:50]} 6. d3 {[%emt 0:00:21]} Nf6 {[%emt 0:00:14]} 7. Nc3 {[%emt 0:01:10]} O-O {[%emt 0:02:34]} 8. Bd2 {[%emt 0:03:28]} d4 {[%emt 0:04:56]} 9. Na4 {[%emt 0:00:09]} Qd6 {[%emt 0:06:04]} 10. c4 {[%emt 0:03:41]} b6 {[%emt 0:07:35]} 11. a3 {[%emt 0:00:31]} Bb7 {[%emt 0:04:23]} 12. Rb1 {[%emt 0:02:36]} Rab8 {[%emt 0:09:46]} 13. b4 {[%emt 0:01:07]} Ba8 {[%emt 0:00:23]} 14. bxc5 {[%emt 0:09:41]} bxc5 {[%emt 0:00:02]} 15. Qc2 {[%emt 0:00:08]} Rfc8 {[%emt 0:10:23]} 16. Rb5 {[%emt 0:08:21]} Nd8 {[%emt 0:02:20]} 17. Rfb1 {[%emt 0:01:57]} Rxb5 {[%emt 0:02:49]} 18. Rxb5 {[%emt 0:00:18]} Nd7 {[%emt 0:02:12]} 19. Ng5 {[%emt 0:03:43]} Bxg2 {[%emt 0:01:58]} 20. Kxg2 {[%emt 0:00:02]} f5 {[%emt 0:02:18]} 21. e4 {[%emt 0:01:54]} Qc6 {[%emt 0:05:57]} 22. Nf3 {[%emt 0:01:43]} fxe4 {[%emt 0:01:17]} 23. dxe4 {[%emt 0:00:02]} a6 {[%emt 0:00:57]} 24. Rb1 {[%emt 0:02:49]} d3 {[%emt 0:00:18]} 25. Qd1 {[%emt 0:00:44]} Qxe4 {[%emt 0:00:06]} 26. Qe1 {[%emt 0:00:03]} Qxc4 {[%emt 0:02:16]} 27. Qxe7 {[%emt 0:00:14]} Qxa4 {[%emt 0:03:51]} 28. Qe8+ {[%emt 0:01:58]} Bf8 {[%emt 0:00:05]} 29. Bc3 {[%emt 0:01:07]} Qc2+ {[%emt 0:03:40]} 30. Kh3 {[%emt 0:01:12]} Qxb1 {[%emt 0:01:05]} 31. Qxd7 {[%emt 0:00:27]} Qb7 {[%emt 0:00:27]} 32. Qxd3 {[%emt 0:00:06]} c4 {[%emt 0:01:49]} 33. Qe3 {[%emt 0:00:07]} Qd7+ {[%emt 0:00:28]} 34. Kg2 {[%emt 0:00:07]} Bg7 {[%emt 0:00:22]} 35. Ne5 {[%emt 0:00:10]} Qd5+ {[%emt 0:00:25]} 36. Kh3 {[%emt 0:00:24]} Qe6+ {[%emt 0:00:27]} 37. g4 {[%emt 0:00:06]} Nf7 {[%emt 0:00:38]} 0-1

[Event "26th Abu Dhabi Master 2019"]
[Site "Abu Dhabi"]
[Date "2019.08.05"]
[Round "5.59"]
[White "Panesar Vedant"]
[Black "Gajwa Ankit"]
[Result "1/2-1/2"]
[WhiteElo "2092"]
[BlackElo "2302"]
[Annotator "NA"]
[PlyCount "39"]
[EventDate "2019.08.02"]
[EventType "swiss"]
[EventCountry "UAE"]
[SourceTitle "playchess.com"]
[Source "ChessBase"]
[SourceQuality "1"]
[TimeControl "5400+30"]

1. d4 Nf6 2. c4 g6 3. Nc3 d5 4. Nf3 Bg7 5. h4 O-O 6. cxd5 Nxd5 7. h5 c5 8. hxg6 hxg6 9. Bh6 Bxh6 10. Rxh6 Nxc3 11. bxc3 cxd4 12. Qd2 Kg7 13. cxd4 Nc6 14. Rh5 gxh5 15. Qg5+ Kh7 16. Qxh5+ Kg7 17. Qg5+ Kh7 18. Qh5+ Kg7 19. Qg5+ Kh7 20. Qh5+ 1/2-1/2

[Event "26th Abu Dhabi Master 2019"]
[Site "Abu Dhabi"]
[Date "2019.08.05"]
[Round "5.60"]
[White "Pranesh M"]
[Black "Salonika, Saina"]
[Result "1-0"]
[WhiteElo "2343"]
[BlackElo "2127"]
[Annotator "TA"]
[PlyCount "123"]
[EventDate "2019.08.02"]
[EventType "swiss"]
[EventCountry "UAE"]
[SourceTitle "playchess.com"]
[Source "ChessBase"]
[SourceQuality "1"]

{[%evp 12,123,8,28,32,28,33,18,14,17,17,0,0,0,0,0,4,0,0,0,0,1,10,0,0,0,0,0,0,0,0,0,0,0,10,0,0,-3,0,0,0,0,0,0,0,-9,0,0,0,0,6,6,2,2,2,0,5,17,7,0,0,0,0,0,0,0,7,0,33,0,0,0,16,18,18,20,19,20,32,31,38,38,38,39,36,54,97,0,8,0,0,0,12,8,1034,1059,7739,7739,6211,5206,1029,8,1025,682,29972,29971,29981,29983,29983,29984,29986,29987,29988,29989]} 1. e4 c5 2. Nf3 d6 3. d4 cxd4 4. Nxd4 Nf6 5. Nc3 a6 6. h3 e5 7. Nde2 h5 {B90: Sicilian Najdorf: Unusual White 6th moves, 6 Be3 Ng4 and 6 Be3 e5} 8. Bg5 (8. Nd5 Nxd5 9. Qxd5 Nc6 10. Qd1 Be6 11. Nc3 Rc8 12. Be3 Ne7 13. Be2 d5 14. exd5 Nxd5 15. Nxd5 Qxd5 {½-½ (26) Wang,H (2730)-Giri,A (2783) St Petersburg 2018}) 8... Be6 9. Bxf6 Qxf6 {The position is equal.} 10. Nd5 Qd8 11. Nec3 g6 12. Bc4 Bh6 13. O-O O-O 14. Qd3 Nc6 (14... b5 $5 15. Bb3 $8 Nd7 $11) 15. Rad1 Rc8 $146 (15... b5 $5 16. Bb3 $8 Rb8 $11) 16. Bb3 Nd4 17. f4 Nxb3 18. axb3 Bxd5 19. Nxd5 Bxf4 20. Nxf4 exf4 21. Rxf4 Qg5 22. Rdf1 Qe5 (22... Rcd8 {looks sharper.} 23. Qf3 Rd7 24. c3 d5 25. exd5 Qxd5 26. Qxd5 Rxd5 27. Re4 Rd7) 23. c3 Rc7 {[%cal Bc8c7,Bc7d7,Bd7d5][%mdl 32]} 24. Kh1 Rd7 25. b4 d5 26. exd5 Rxd5 27. Qc4 Kg7 28. R4f2 Qd6 29. Rf6 Qd7 30. Qf4 Rd1 31. Rxd1 Qxd1+ $11 {[%mdl 4096] Endgame KQR-KQR} 32. Kh2 Qe2 (32... Qd8 $5 33. Rd6 $8 Qe8 $11) 33. Qd4 Kg8 34. Rb6 Qe7 35. Rd6 (35. Qc5 {feels hotter.} Qd7 36. Qd6 Qxd6+ 37. Rxd6 Re8 38. Rb6) 35... Qc7 36. c4 Re8 (36... Rd8 $5 37. c5 $8 Re8 $11) 37. c5 Qb8 38. Qf4 Qc8 39. Qf6 a5 40. bxa5 {Rb6 is the strong threat.} (40. Qc3 $5 {[%cal Rb4a5]}) 40... Qxc5 41. Rd7 Qe5+ 42. Qxe5 Rxe5 {KR-KR} 43. b4 Rb5 44. Rd4 g5 45. Kg3 Kg7 46. Kf3 f5 47. Ke3 Kf6 48. Kd3 {Threatens to win with Kc4.} Ke5 49. Kc3 (49. h4 $16) 49... g4 50. Rd7 {Hoping for Rh7.} Ke6 51. Rd4 Ke5 52. Rd8 {And now Kc4 would win.} Ke6 $2 {[%mdl 8192]} (52... gxh3 $11 53. gxh3 Rd5 54. Re8+ Kf6) 53. Kc4 $18 Re5 54. Re8+ Kd6 {[#]} 55. Rxe5 $1 Kxe5 {KP-KP} 56. Kd3 $2 ({White has to play} 56. b5 $18) 56... f4 $2 {[%mdl 8192] [#]} (56... h4 $11) 57. h4 $1 f3 58. gxf3 {White mates.} Kf4 59. fxg4 hxg4 60. Ke2 Kg3 61. h5 Kh2 62. h6 {Accuracy: White = 75%, Black = 49%.} 1-0

[Event "26th Abu Dhabi Master 2019"]
[Site "Abu Dhabi"]
[Date "2019.08.05"]
[Round "5.61"]
[White "Soham Kamotra"]
[Black "Bhambure, Shantanu"]
[Result "1/2-1/2"]
[WhiteElo "2136"]
[BlackElo "2275"]
[Annotator "NA"]
[PlyCount "77"]
[EventDate "2019.08.02"]
[EventType "swiss"]
[EventCountry "UAE"]
[SourceTitle "playchess.com"]
[Source "ChessBase"]
[SourceQuality "1"]
[TimeControl "5400+30"]

1. Nf3 {[%emt 0:00:00]} Nf6 {[%emt 0:00:00]} 2. c4 {[%emt 0:00:05]} e6 {[%emt 0:00:11]} 3. e3 {[%emt 0:00:07]} b6 {[%emt 0:01:29]} 4. g3 {[%emt 0:00:10]} Bb7 {[%emt 0:00:38]} 5. Bg2 {[%emt 0:00:05]} c5 {[%emt 0:01:44]} 6. O-O {[%emt 0:00:07]} Be7 {[%emt 0:01:11]} 7. b3 {[%emt 0:00:06]} O-O {[%emt 0:00:37]} 8. Bb2 {[%emt 0:00:07]} d5 {[%emt 0:03:10]} 9. Qe2 {[%emt 0:05:21]} Nc6 {[%emt 0:03:32]} 10. d3 {[%emt 0:00:35]} Qc7 {[%emt 0:06:56]} 11. Nc3 {[%emt 0:00:09]} Rad8 {[%emt 0:02:07]} 12. Rfd1 {[%emt 0:02:11]} Rfe8 {[%emt 0:06:54]} 13. Rac1 {[%emt 0:00:17]} Qb8 {[%emt 0:00:44]} 14. cxd5 {[%emt 0:11:24]} exd5 {[%emt 0:01:40]} 15. d4 {[%emt 0:00:09]} cxd4 {[%emt 0:14:12]} 16. Nxd4 {[%emt 0:00:24]} Nxd4 {[%emt 0:00:20]} 17. exd4 {[%emt 0:30:59]} Bf8 {[%emt 0:03:32]} 18. Qd3 {[%emt 0:00:59]} g6 {[%emt 0:09:12]} 19. Re1 {[%emt 0:00:46]} Bh6 {[%emt 0:03:42]} 20. Rcd1 {[%emt 0:00:19]} Rxe1+ {[%emt 0:03:29]} 21. Rxe1 {[%emt 0:00:01]} Re8 {[%emt 0:00:12]} 22. Re2 {[%emt 0:06:02]} Bg7 {[%emt 0:05:09]} 23. Bc1 {[%emt 0:06:27]} Qc8 {[%emt 0:05:50]} 24. Bd2 {[%emt 0:00:24]} Ne4 {[%emt 0:07:35]} 25. Nxd5 {[%emt 0:15:20]} Ba6 {[%emt 0:02:58]} 26. Qxe4 {[%emt 0:00:25]} Rxe4 {[%emt 0:01:52]} 27. Rxe4 {[%emt 0:00:44]} Qc2 {[%emt 0:09:41]} 28. Re8+ {[%emt 0:01:44]} Bf8 {[%emt 0:00:00]} 29. Bb4 {[%emt 0:00:01]} Qb1+ {[%emt 0:01:59]} 30. Re1 {[%emt 0:00:14]} Qf5 {[%emt 0:01:31]} 31. Re8 {[%emt 0:00:31]} Qb1+ {[%emt 0:00:23]} 32. Re1 {[%emt 0:00:03]} Qf5 {[%emt 0:00:04]} 33. g4 {[%emt 0:07:16]} Qc8 {[%emt 0:02:49]} 34. Nf6+ {[%emt 0:02:42]} Kg7 {[%emt 0:00:10]} 35. Ne8+ {[%emt 0:00:05]} Kg8 {[%emt 0:00:17]} 36. Nf6+ {[%emt 0:00:53]} Kg7 {[%emt 0:00:01]} 37. Ne8+ {[%emt 0:05:23]} Kg8 {[%emt 0:00:01]} 38. Nf6+ Kg7 39. Bxf8+ 1/2-1/2

[Event "26th Abu Dhabi Master 2019"]
[Site "Abu Dhabi"]
[Date "2019.08.05"]
[Round "5.62"]
[White "Gomes, Mary Ann"]
[Black "Tarini Goyal"]
[Result "1/2-1/2"]
[WhiteElo "2303"]
[BlackElo "2038"]
[Annotator "TA"]
[PlyCount "129"]
[EventDate "2019.08.02"]
[EventType "swiss"]
[EventCountry "UAE"]
[SourceTitle "playchess.com"]
[Source "ChessBase"]
[SourceQuality "1"]

{[%evp 20,129,42,-1,36,10,8,10,54,50,16,27,14,0,0,-15,-7,-22,0,-12,-12,-16,-13,-3,0,0,0,0,0,0,0,-4,0,-16,0,0,26,0,34,8,33,0,0,0,12,0,60,20,50,42,42,4,9,9,9,4,3,5,7,0,0,0,9,0,0,0,0,0,16,16,16,9,16,9,16,16,16,16,16,16,36,16,36,36,36,36,36,16,36,0,36,8,36,16,16,16,36,36,36,36,36,18,36,0,36,0,36,0,36,36,36,0]} 1. c4 e6 2. Nf3 d5 3. d4 Nf6 4. Nc3 a6 5. cxd5 exd5 6. Bg5 Be7 7. e3 O-O 8. Bd3 c6 9. Qc2 Nbd7 10. O-O Re8 11. Ne5 Nf8 {D61: Queen's Gambit Declined: Classical: 7 Qc2} 12. f4 (12. Rae1 N6d7 13. Bf4 Nxe5 14. Bxe5 Bd6 15. Bxd6 Qxd6 16. e4 Be6 17. e5 Qb4 18. Ne2 Rac8 19. a3 Qb6 20. b4 {0-1 (37) Sagar,S (2433)-Udeshi,A (2420) Pune 2016}) 12... Ng4 13. Bxe7 Qxe7 {The position is equal.} (13... Rxe7 {looks sharper.} 14. Nxg4 Bxg4 15. Qf2 f6 16. Rae1 Be6) 14. Rae1 f6 15. Nxg4 Bxg4 16. f5 Bh5 17. Na4 $146 ({Predecessor:} 17. e4 Qb4 18. Qf2 dxe4 19. a3 {½-½ (41) Makogonov,V-Kan,V Kiev 1944}) 17... Nd7 18. a3 Qd6 19. Nc5 (19. Qf2 {seems wilder.} b5 20. Nc3 Bf7 21. e4 dxe4 22. Nxe4 Qd5 23. Nc3) 19... Nxc5 20. Qxc5 Qxc5 (20... Qc7 {is more complex.} 21. Qc1 Re7 22. Rf2 a5 23. Rc2 Bf7) 21. dxc5 Re5 22. Rf4 Rae8 23. Kf2 R8e7 24. g4 Be8 25. Re2 Kf8 26. Kf3 Bf7 27. h4 h6 28. Rd4 Ke8 29. Kf2 Kd8 30. Re1 Kc7 31. b4 Be8 32. Rf4 Kc8 ({Better is} 32... b6 $11) 33. Rf3 Bd7 34. Rg1 Be8 35. g5 hxg5 36. hxg5 fxg5 37. Rxg5 {Rfg3 is the strong threat.} g6 38. Rgg3 gxf5 39. Bxf5+ Kc7 40. Rg8 Rf7 41. Bg4 {[#] Black must now prevent Rxf7+.} Rxf3+ 42. Kxf3 $11 {[%mdl 4096] Endgame KRB-KRB} Re7 43. Rf8 Rf7+ (43... Bd7 {keeps more tension.} 44. Bxd7 Kxd7 45. a4 Rh7 46. Ke2 Rh4) 44. Rxf7+ Bxf7 {KB-KB} 45. Kf4 Bg6 46. Bd1 Bd3 47. Ke5 Bf1 48. a4 Bd3 49. Kd4 Bf1 50. Bg4 Kb8 51. Bf5 Be2 52. Bc2 Kc7 53. Kc3 Kd7 54. Kd2 Bc4 55. Bd1 Kc7 56. Kc3 Bf1 57. Bg4 Kb8 58. Bf5 Be2 59. Kd2 Bc4 60. Be6 Bf1 61. Bf5 Bc4 62. Bd3 Bb3 63. Bc2 Bc4 64. Kc3 Be2 65. Kd2 {Accuracy: White = 31%, Black = 46%.} 1/2-1/2

[Event "26th Abu Dhabi Master 2019"]
[Site "Abu Dhabi"]
[Date "2019.08.05"]
[Round "5.63"]
[White "Al Hosani, Omran"]
[Black "Mithil, Ajgaonkar"]
[Result "1-0"]
[WhiteElo "2135"]
[BlackElo "2314"]
[Annotator "TA"]
[PlyCount "63"]
[EventDate "2019.08.02"]
[EventType "swiss"]
[EventCountry "UAE"]
[SourceTitle "playchess.com"]
[Source "ChessBase"]
[SourceQuality "1"]

{[%evp 16,63,0,-6,26,30,26,0,0,0,0,0,4,-29,31,0,27,-30,-38,-37,-35,-74,-28,-61,-37,-52,-24,-25,-16,-137,33,63,112,123,331,336,447,445,443,444,572,585,712,699,699,684,765,754,744,685]} 1. Nf3 d5 2. g3 Nf6 3. Bg2 c6 4. O-O Bf5 5. d4 e6 6. c4 h6 7. Nc3 Nbd7 8. Qb3 Qb6 9. c5 Qc7 {D11: Slav Defence: 3 Nf3 sidelines and 3...Nf6 4 e3 Bg4} 10. Bf4 Qc8 11. Qd1 (11. Nd2 g5 12. Bd6 Bxd6 13. cxd6 O-O 14. f3 c5 15. e4 Bg6 16. Rac1 Qc6 17. e5 {1-0 (34) Stupak,K (2588)-Rodshtein,M (2699) Katowice 2017}) 11... Be7 {The position is equal.} 12. b4 O-O 13. a4 $146 ({Predecessor:} 13. Nd2 g5 14. Be5 Nxe5 15. dxe5 Ng4 16. e4 dxe4 17. Ndxe4 Nxe5 {½-½ (28) Daces,P (1949)-Claesen,P (2305) Geraardsbergen 2018}) 13... Rd8 14. Qb3 Ne4 (14... b6 $11) 15. Rfc1 Bf6 16. Ne5 ({White should try} 16. h4) 16... g5 $11 17. Nxd7 Bxd4 18. Be5 {Strongly threatening Nxe4.} Bxf2+ 19. Kh1 {Hoping for Nxe4.} Rxd7 20. Nxe4 dxe4 ({Don't blunder} 20... Bxe4 $2 21. Rf1 $18) 21. Rd1 $1 Rd5 22. Qc3 {[#]} (22. Rxd5 $1 $11 exd5 23. Rf1) 22... Qd8 $2 (22... a5 $1 $17 {White must now prevent ...axb4.} 23. Rxd5 (23. bxa5 Rxc5) 23... axb4) 23. Rxd5 $1 $14 cxd5 {[#]} 24. e3 $1 {[#]} d4 $2 (24... Bxe3 $1 $16 {[%mdl 512]} 25. Qxe3 f6) 25. Bxd4 $18 e5 26. Bxe5 {White is clearly winning.} Qd3 27. Rf1 Rd8 28. Rxf2 Qb1+ 29. Rf1 Rd1 30. Qc4 Re1 31. Rxe1 Qxe1+ 32. Qf1 {Accuracy: White = 45%, Black = 30%.} 1-0

[Event "26th Abu Dhabi Master 2019"]
[Site "Abu Dhabi"]
[Date "2019.08.05"]
[Round "5.64"]
[White "Priyanka Nutakki"]
[Black "Tabada, Jobannie C."]
[Result "1-0"]
[WhiteElo "2293"]
[BlackElo "2216"]
[Annotator "NA"]
[PlyCount "85"]
[EventDate "2019.08.02"]
[EventType "swiss"]
[EventCountry "UAE"]
[SourceTitle "playchess.com"]
[Source "ChessBase"]
[SourceQuality "1"]
[TimeControl "5400+30"]

1. c4 Nf6 2. Nc3 g6 3. e4 d6 4. d4 Bg7 5. Nf3 O-O 6. Be2 e5 7. O-O Nc6 8. dxe5 dxe5 9. Bg5 Qxd1 10. Rfxd1 h6 11. Be3 Bg4 12. h3 Bxf3 13. Bxf3 Rfd8 14. Nd5 Ne8 15. h4 Nd4 16. Bxd4 exd4 17. h5 c6 18. Nf4 g5 19. Nd3 Nf6 20. Re1 Re8 21. Nc5 g4 22. Bd1 Re5 23. Nd3 Rg5 24. e5 Nxh5 25. Re4 f5 26. Rxd4 Re8 27. Rd7 Bxe5 28. Rxb7 Bd4 29. Rd7 c5 30. Ba4 Re4 31. Bc6 g3 32. Bxe4 fxe4 33. Re1 Nf6 34. Rd8+ Kh7 35. Rxd4 cxd4 36. Nf4 gxf2+ 37. Kxf2 Ng4+ 38. Kg1 Ne3 39. Re2 Rg4 40. Nh3 d3 41. Rxe3 d2 42. Nf2 Rf4 43. Nd1 1-0

[Event "26th Abu Dhabi Master 2019"]
[Site "Abu Dhabi"]
[Date "2019.08.05"]
[Round "5.65"]
[White "Wang, Shanshan"]
[Black "Wagh Suyog"]
[Result "0-1"]
[WhiteElo "2122"]
[BlackElo "2242"]
[Annotator "NA"]
[PlyCount "76"]
[EventDate "2019.08.02"]
[EventType "swiss"]
[EventCountry "UAE"]
[SourceTitle "playchess.com"]
[Source "ChessBase"]
[SourceQuality "1"]
[TimeControl "5400+30"]

1. e4 {[%emt 0:02:34]} c5 {[%emt 0:00:00]} 2. Nf3 {[%emt 0:00:07]} d6 {[%emt 0:00:00]} 3. d4 {[%emt 0:00:08]} cxd4 {[%emt 0:00:01]} 4. Nxd4 {[%emt 0:00:05]} Nf6 {[%emt 0:00:05]} 5. Nc3 {[%emt 0:00:04]} a6 {[%emt 0:00:04]} 6. Be2 {[%emt 0:00:09]} e5 {[%emt 0:00:05]} 7. Nf3 {[%emt 0:00:10]} Be7 {[%emt 0:01:52]} 8. Bg5 {[%emt 0:00:55]} Nbd7 {[%emt 0:00:05]} 9. a4 {[%emt 0:00:42]} Qb6 {[%emt 0:00:06]} 10. Qc1 {[%emt 0:02:14]} h6 {[%emt 0:12:30]} 11. Be3 {[%emt 0:04:38]} Qc6 {[%emt 0:00:41]} 12. Nd2 {[%emt 0:00:50]} Nc5 {[%emt 0:11:53]} 13. b4 {[%emt 0:14:37]} Ncxe4 {[%emt 0:15:01]} 14. Ncxe4 {[%emt 0:01:33]} Nxe4 {[%emt 0:01:20]} 15. b5 {[%emt 0:00:37]} Qc3 {[%emt 0:00:30]} 16. Ra3 {[%emt 0:06:10]} Qa5 {[%emt 0:00:17]} 17. c3 {[%emt 0:04:34]} d5 {[%emt 0:03:27]} 18. Nxe4 {[%emt 0:03:30]} dxe4 {[%emt 0:02:15]} 19. Ra1 {[%emt 0:00:38]} O-O {[%emt 0:01:13]} 20. O-O {[%emt 0:00:27]} Be6 {[%emt 0:00:43]} 21. c4 {[%emt 0:04:34]} Rfc8 {[%emt 0:05:03]} 22. Qc2 {[%emt 0:01:43]} axb5 {[%emt 0:04:23]} 23. Qxe4 {[%emt 0:01:35]} bxa4 {[%emt 0:06:36]} 24. Qxb7 {[%emt 0:02:11]} Bc5 {[%emt 0:04:08]} 25. Bxc5 {[%emt 0:01:05]} Qxc5 {[%emt 0:00:23]} 26. Rfc1 {[%emt 0:03:08]} Ra7 {[%emt 0:08:08]} 27. Qb2 {[%emt 0:01:42]} a3 {[%emt 0:05:37]} 28. Qb3 {[%emt 0:00:18]} Rd8 {[%emt 0:00:59]} 29. Ra2 {[%emt 0:00:51]} Rd6 {[%emt 0:04:54]} 30. h3 {[%emt 0:00:48]} Rb6 {[%emt 0:01:13]} 31. Qc3 {[%emt 0:00:20]} Bf5 {[%emt 0:03:46]} 32. Bd3 {[%emt 0:03:23]} Rb2 {[%emt 0:01:38]} 33. Rc2 {[%emt 0:00:51]} Rb1+ {[%emt 0:00:58]} 34. Kh2 {[%emt 0:00:13]} e4 {[%emt 0:00:09]} 35. Be2 {[%emt 0:01:49]} Qxf2 {[%emt 0:00:48]} 36. Qe5 {[%emt 0:01:27]} Qg1+ {[%emt 0:01:21]} 37. Kg3 {[%emt 0:00:01]} Rb3+ {[%emt 0:00:12]} 38. Kh4 {[%emt 0:01:29]} Rxh3+ {[%emt 0:00:16]} 0-1

[Event "26th Abu Dhabi Master 2019"]
[Site "Abu Dhabi"]
[Date "2019.08.05"]
[Round "5.66"]
[White "Sharma Isha"]
[Black "Paramzina, Anastasya"]
[Result "1/2-1/2"]
[WhiteElo "2188"]
[BlackElo "2300"]
[Annotator "TA"]
[PlyCount "54"]
[EventDate "2019.08.02"]
[EventType "swiss"]
[EventCountry "UAE"]
[SourceTitle "playchess.com"]
[Source "ChessBase"]
[SourceQuality "1"]

{[%evp 9,54,-2,10,18,18,23,23,13,17,0,69,73,56,56,79,68,108,77,68,64,127,110,114,102,101,93,93,102,94,92,79,75,75,75,83,50,49,38,39,50,41,36,57,37,41,32,29]} 1. e4 c5 2. Nf3 e6 3. g3 Nc6 4. Bg2 Nf6 5. Qe2 d5 6. exd5 {B40: Sicilian: 2...e6, Unusual lines} Nxd5 7. O-O Be7 8. Rd1 {White has an edge.} Qb6 9. Nc3 $146 ({Predecessor:} 9. Na3 O-O 10. Nc4 Qa6 11. d3 Rd8 12. Nce5 Nxe5 13. Nxe5 {0-1 (52) McShane,L (2640)-Anand,V (2782) Riadh 2017}) 9... Nxc3 (9... O-O $11) 10. dxc3 $14 O-O 11. Nd2 f6 12. Nc4 Qc7 13. a4 Kh8 14. a5 Rb8 {[#]} (14... Bd7 $14) 15. Be4 $1 $16 b5 16. axb6 $1 axb6 17. Qh5 {[%csl Ge4][%cal Rh5h7]} f5 18. Bxc6 Qxc6 19. Ne5 Qe8 20. Qxe8 $40 {[%mdl 128] White is out for blood.} Rxe8 21. Bf4 {[#] aiming for Nf7+.} Rb7 22. Nc6 Kg8 {White is slightly better.} 23. Ra8 Kf8 24. Nxe7 Kxe7 25. Be5 Kf7 26. f3 Bd7 27. Rxe8 Bxe8 {Accuracy: White = 73%, Black = 63%.} 1/2-1/2

[Event "26th Abu Dhabi Master 2019"]
[Site "Abu Dhabi"]
[Date "2019.08.05"]
[Round "5.67"]
[White "Ammar, Sedrani"]
[Black "Aakanksha Hagawane"]
[Result "0-1"]
[WhiteElo "2024"]
[BlackElo "2246"]
[Annotator "NA"]
[PlyCount "108"]
[EventDate "2019.08.02"]
[EventType "swiss"]
[EventCountry "UAE"]
[SourceTitle "playchess.com"]
[Source "ChessBase"]
[SourceQuality "1"]
[TimeControl "5400+30"]

1. d4 Nf6 2. Bg5 Ne4 3. Bf4 c5 4. f3 Qa5+ 5. c3 Nf6 6. Nd2 cxd4 7. Nb3 Qd8 8. Bxb8 Rxb8 9. Qxd4 a6 10. Qa7 Qc7 11. e4 Qe5 12. Ne2 d5 13. f4 Qc7 14. e5 Nd7 15. Qe3 e6 16. Ned4 Be7 17. Bd3 b5 18. O-O Qb6 19. Kh1 O-O 20. Rae1 Re8 21. g4 Bf8 22. a3 Bb7 23. Qg3 Nc5 24. Nxc5 Bxc5 25. Qh3 Bxd4 26. cxd4 h6 27. Qe3 b4 28. g5 g6 29. gxh6 Kh7 30. axb4 Qxb4 31. f5 exf5 32. Bxf5 Qe7 33. Qg3 Rg8 34. Bd3 Bc8 35. Rf6 Rxb2 36. Ref1 Be6 37. h4 Kh8 38. Rg1 Rb3 39. Rf3 Qd8 40. Qf4 a5 41. h5 g5 42. Qg3 g4 43. Rf6 a4 44. Qe3 a3 45. Qd2 Rb2 46. Qc1 g3 47. Rg2 Qc8 48. Rc2 Rxc2 49. Bxc2 Qc3 50. h7 g2+ 51. Kg1 Qxd4+ 52. Rf2 Qxf2+ 53. Kxf2 g1=Q+ 54. Qxg1 Rxg1 0-1